000 00585nam a22002057a 4500
005 20251108172141.0
008 250721s1994 xx 000 0 ara d
082 1 4 _aط/ق/وصف
100 1 _aآل وصفي، وصفي
245 1 0 _aو كسر الجره /
250 _aط2
264 1 _aالقاهرة :
_bدار المعارف،
_c1994.
300 _a21ص : مص
490 0 _aحكايات كليلة و دمنة ؛2
650 1 7 _aالقصص العربية
650 1 7 _aأدب الأطفال
700 1 _aفرح، نجيب
_eرسم
942 _2ddc
_cBK
999 _c71715
_d71715